Loading...
| Beliefs | 2 | 0 | 0 | 0 | 30 | 19 | 38.00 | 0 | 2 | 0.00 | 0.00 |
| Philosophy | 1 | 1 | 0 | 1 | 25 | 40 | 87.00 | 1 | 1 | 0.00 | 0.00 |
| Literature - British | 1 | 0 | 0 | 0 | 15 | 42 | 42.00 | 1 | 1 | 0.00 | 0.00 |
| Literature - European | 1 | 0 | 0 | 0 | 15 | 67 | 67.00 | 1 | 1 | 0.00 | 0.00 |
| History - European | 1 | 0 | 0 | 0 | 15 | 46 | 46.00 | 0 | 1 | 0.00 | 0.00 |
| Fine Arts - Auditory | 0 | 1 | 0 | 0 | 10 | 127 | 127.00 | 0 | 0 | 0.00 | 0.00 |
| World and Other Literature | 0 | 1 | 0 | 1 | 10 | 118 | 118.00 | 1 | 1 | 0.00 | 0.00 |
| Other Science: Computer Science | 0 | 0 | 1 | 0 | -5 | 0.00 | 0 | 0 | 0.00 | 0.00 | |
| Social Science | 0 | 0 | 2 | 0 | -10 | 0.00 | 0 | 0 | 0.00 | 0.00 |